UBT Library

A Curriculum guide for population geography / (Record no. 39777)

000 -LEADER
fixed length control field 00655pam a2200205 i 4500
001 - CONTROL NUMBER
control field 4629172
005 - DATE AND TIME OF LATEST TRANSACTION
control field 20180104091914.0
008 - FIXED-LENGTH DATA ELEMENTS--GENERAL INFORMATION
fixed length control field 781027s1978 hiua b 000 0 eng
010 ## - LIBRARY OF CONGRESS CONTROL NUMBER
LC control number 78024452
040 ## - CATALOGING SOURCE
Original cataloging agency DLC
Transcribing agency DLC
Modifying agency DLC
041 ## - LANGUAGE CODE
Language code of text/sound track or separate title eng
080 ## - UNIVERSAL DECIMAL CLASSIFICATION NUMBER
Universal Decimal Classification number 301.320711 PET
082 00 - DEWEY DECIMAL CLASSIFICATION NUMBER
Classification number 301.320711 PET
100 ## - Rafti
Rafti 42
101 ## - Shkurtesa
Shkurtesa GJE
245 02 - TITLE STATEMENT
Title A Curriculum guide for population geography /
Statement of responsibility, etc prepared by participants in the geography workshops of the fourth and fifth summer seminars in population ; edited by Gary Fuller.
504 ## - BIBLIOGRAPHY, ETC. NOTE
Bibliography, etc Includes bibliographies.
906 ## - LOCAL DATA ELEMENT F, LDF (RLIN)
a 7
b cbc
c orignew
d 1
e ocip
f 19
g y-gencatlg
942 ## - ADDED ENTRY ELEMENTS (KOHA)
Source of classification or shelving scheme
Item type Books
Holdings
Withdrawn status Lost status Source of classification or shelving scheme Damaged status Not for loan Permanent location Current location Date acquired Total Checkouts Full call number Barcode Date last seen Price effective from Koha item type
          UBT - Lipjan UBT - Lipjan 01/04/2018   301.320711 PET 002-2994748 01/04/2018 01/04/2018 Books
UBT Library © 2015-2024. All rights reserved University Education for Business and Technology